000
00339nam a2200145Ia 4500
008
150201s2005 xx 000 0 und d
082
_a
618
_b
M05D
100
_a
DEFTARY , SHIRISH N.
245
_a
MANUAL OF OBSTETRICS
250
_a
2ND
260
_b
ELSEVIER
_a
INDIA
_c
2005
300
_a
730
650
_a
OBST. & GYNEA.
942
_2
ddc
_c
BK
999
_c
1929
_d
1929